| 000 | 00467nam a22001697a 4500 | ||
|---|---|---|---|
| 005 | 20240603111939.0 | ||
| 008 | 231208b |||||||| |||| 00| 0 eng d | ||
| 020 | _a978-969-32-0859-7 | ||
| 082 |
_a297 _bTAH-H |
||
| 100 | _aTahir; Qadri Dr. | ||
| 245 |
_aHusan Saraapa-i-Rasool/ _cDr. Tahir-ul-Qadri |
||
| 250 | _a11th ed. | ||
| 260 |
_aLahore; _bMinhaj-ul Quran Publications; _c2012. |
||
| 300 |
_a208p.; _c21.5 cm. |
||
| 650 | _aOther Religion/Islam | ||
| 999 |
_c34860 _d34860 |
||